Diário de um banana / (Record no. 47213)

MARC details
000 -LÍDER
campo de controle de tamanho fixo 01039 a2200289 4500
001 - NÚMERO DE CONTROLE
campo de controle 47213
020 ## - ISBN - INTERNATIONAL STANDARD BOOK NUMBER
ISBN - International Standard Book Number 9788576833079
020 ## - ISBN - INTERNATIONAL STANDARD BOOK NUMBER
ISBN - International Standard Book Number 9788576834939
041 ## - CÓDIGO DE IDIOMA
Código do idioma do texto/trilha sonora ou título diferente por
082 ## - CDD - CLASSIFICAÇÃO DECIMAL DE DEWEY
Número de Classificação Year 3 [Fic]
040 ## - FONTE DA CATALOGAÇÃO
Instituição da catalogação original BR-BrIDEA
Instituição que transcreveu o registro BR-BrIDEA
090 ## - NÚMERO DE CHAMADA LOCAL
Número de chamada (OCLC) (R); Número de chamada, CALL (RLIN) (NR) Year 3 [Fic]
Número Cutter local (OCLC); Número de classificação do livro, CALL (RLIN) KIN
100 ## - ENTRADA PRINCIPAL--NOME PESSOAL
Nome pessoal Kinney, Jeff
250 ## - EDIÇÃO
Edição 2. ed.
245 10 - TÍTULO
Título Diário de um banana /
Restante do título a verdade nua e crua
Indicação de responsabilidade, etc. Jeff Kinney; tradução de Antonio de Macedo Soares
260 ## - PUBLICAÇÃO, DISTRIBUIÇÃO, ETC.
Local de publicação, distribuição, etc. São Paulo
Nome do editor, distribuidor, etc. Vergara & Riba
Data da publicação, distribuição, etc. 2012
300 ## - DESCRIÇÃO FÍSICA
Extensão 217p.
490 ## - TÍTULO DA SÉRIE
Título da série Diário de um banana
520 ## - NOTA DE RESUMO, ETC
Resumo, etc. No quinto volume da série. nosso herói Greg Heffley. o Garoto Banana. se vê diante de novos desafios e vai ter de se superar para dar conta de todos! Logo ele. que sempre teve tanta pressa para crescer. começa a se questionar se vale mesmo a pena ingressa
521 ## - NOTA DO PÚBLICO ALVO
Nota de público alvo Year 3
697 ## - ENTRADA DE ASSUNTO LOCAL--ENTIDADE COLETIVA (RLIN)
Nome corporativo ou nome da jurisdição Literatura infantojuvenil.
697 ## - ENTRADA DE ASSUNTO LOCAL--ENTIDADE COLETIVA (RLIN)
Nome corporativo ou nome da jurisdição Ficção.
700 ## - ENTRADA ADICIONADA - NOME PESSOAL
Nome pessoal Soares, Antonio de Macedo
Função do autor por extenso Tradutor
830 ## - ENTRADA SECUNDÁRIA DE SÉRIE--TÍTULO UNIFORME
Título uniforme Diário de um banana
856 ## - LOCALIZAÇÃO ELETRÔNICA E ACESSO
Uniform Resource Identifier <a href="000016/000016db.jpg">000016/000016db.jpg</a>
942 ## - ELEMENTOS DE ENTRADA ADICIONADOS (KOHA)
Tipo de material Koha Livros
Holdings
Situação do descarte Situação das perdas Situação física Não pode ser emprestado Biblioteca de origem Biblioteca atual Data de aquisição Total de empréstimos Número de chamada completo Código de barras Data de último acesso Data do preço efetivo Tipo de material Koha Fonte da classificação ou esquema de arquivamento na estante Data do último empréstimo
        Canadian School of Niterói - Piratininga Canadian School of Niterói - Piratininga 09/02/2024   KIN A29340 09/02/2024 09/02/2024 Livros    
        Colégio Anchieta - Aquarius Colégio Anchieta - Aquarius 21/11/2023   813 KIN DIA 5679/AQU 21/11/2023 21/11/2023 Livros    
        Colégio Anchieta - Aquarius Colégio Anchieta - Aquarius 21/11/2023   813 KIN DIA 5682/AQU 21/11/2023 21/11/2023 Livros    
        Colégio Anchieta - Aquarius Colégio Anchieta - Aquarius 21/11/2023   813 KIN DIA 5683/AQU 21/11/2023 21/11/2023 Livros    
        Colégio Anchieta - Aquarius Colégio Anchieta - Aquarius 21/11/2023   813 KIN DIA 5684/AQU 21/11/2023 21/11/2023 Livros    
        ECB - SUDOESTE ECB - SUDOESTE 08/06/2017 3 Year 4 [Fic] 00029775SSW 24/06/2024 23/01/2024 Livros Classificação Decimal de Dewey 17/06/2024
        ECB - SUDOESTE ECB - SUDOESTE 08/06/2017 3 Year 5 [Fic] 00029776SSW 26/06/2024 23/01/2024 Livros Classificação Decimal de Dewey 14/06/2024
        ECB - SUDOESTE ECB - SUDOESTE 04/10/2017 5 Year 3 [Fic] 00030072SSW 26/06/2024 23/01/2024 Livros Classificação Decimal de Dewey 17/06/2024
        ECB - ÁGUAS CLARAS ECB - ÁGUAS CLARAS 27/05/2021 2 A Year 4 [Fic] KIN 00054216AGC 12/06/2024 23/01/2024 Livros Classificação Decimal de Dewey 16/05/2024
        ECB - ÁGUAS CLARAS ECB - ÁGUAS CLARAS 27/05/2021 5 A Year 3 [Fic] KIN 00054215AGC 14/06/2024 23/01/2024 Livros Classificação Decimal de Dewey 06/06/2024
        Leonardo Da Vinci - Alphaville 2 Leonardo Da Vinci - Alphaville 2 27/03/2024   028.5 K64dv 2A743 27/03/2024 27/03/2024 Livros    
        Leonardo Da Vinci - Granja Viana Leonardo Da Vinci - Granja Viana 27/03/2024   J K63d G01952 27/03/2024 27/03/2024 Livros    
        Leonardo Da Vinci - Osasco Leonardo Da Vinci - Osasco 27/03/2024   J K63d O015136 27/03/2024 27/03/2024 Livros    
        Leonardo Da Vinci - Osasco Leonardo Da Vinci - Osasco 27/03/2024   J K63da O017370 27/03/2024 27/03/2024 Livros